000 01032nam a22002417a 4500
003 NALT
005 20231010161136.0
008 th tha d
020 _a9786163201737
040 _aNALT
041 _atha
050 _aF 2849.22.G85
_bด382ช
100 0 _aดาณุภา ไชยพรธรรม
_921005
245 1 0 _aเช กูวารา "ข้าสู้ให้กับสิ่งที่ข้าเชื่อ" /
_cดาณุภา ไชยพรธรรม เรียบเรียง.
260 _aกรุงเทพฯ :
_bแพรธรรม,
_cม.ป.ป..
300 _a223 หน้า :
_bภาพประกอบ ;
_c21 ซม.
600 1 4 _aกูวารา, เออร์เนสโต,
_dค.ศ. 1925-1967
_921006
650 4 _aปฏิวัติ
_921007
_zลาตินอเมริกา
650 4 _aนักปฏิวัติ
_921008
850 _aNALT
942 _cGB
_2lcc
996 _asaiphon.d
_bCATSTF
_c2023-10-10
999 _c75297
_d75297
998 _j104
_k นางสาวสายฝน ดีงาม